000 00506nam a2200145Ia 4500
008 100122s9999 xx 000 0 und d
082 _b10603
_a410
100 _aनिरंतर ग भा
245 _aभाषा शास्त्र प्रवेश
260 _bकॉटिनेंटल प्रकाशन
_c1949
300 _a183
630 _aभाषा शास्त्र प्रवेश
730 _aभाषा शास्त्र प्रवेश
942 _cBOOK
999 _c402201
_d402198